| 000 | 00798cam a2200277 i 4500 | ||
|---|---|---|---|
| 003 | EG-ScBUE | ||
| 005 | 20230223053140.0 | ||
| 008 | 080804t2007 sp a f 001 0 eng d | ||
| 020 | _a9783833123535 | ||
| 040 |
_aEG-ScBUE _beng _erda _cEG-ScBUE _dEG-ScBUE |
||
| 082 | 0 | 4 |
_a728.3140222 _bDES _222 |
| 245 | 0 | 0 | _aDesigner Apartments. |
| 264 | 1 |
_aBarcelona : _bLofta Publications, _c[2007] |
|
| 264 | 4 | _cc2007 | |
| 300 |
_a799 pages : _bcolor illustrations ; _c32 cm |
||
| 336 |
_2rdacontent _atext _btxt |
||
| 337 |
_2rdamedia _aunmediated _bn |
||
| 338 |
_2rdacarrier _avolume _bnc |
||
| 500 | _aIncludes index. | ||
| 590 | _ayassmeen ashraf | ||
| 650 | 7 |
_923 _aInterior architecture. _2BUEsh |
|
| 651 | _2BUEsh | ||
| 653 |
_bENGARC _cAugust2015 |
||
| 655 | _vReading book | ||
| 942 |
_2ddc _cBB |
||
| 999 |
_c10059 _d10059 |
||